The Handbook for managing Resourcec and Information (Record no. 159874)

MARC details
000 -LEADER
fixed length control field 00439nam a2200169Ia 4500
008 - FIXED-LENGTH DATA ELEMENTS--GENERAL INFORMATION
fixed length control field 240823s9999||||xx |||||||||||||| ||und||
082 ## - DEWEY DECIMAL CLASSIFICATION NUMBER
-- 658.15 P1
100 ## - MAIN ENTRY--PERSONAL NAME
Personal name "Cartwright,Roger [et al}"
245 #4 - TITLE STATEMENT
Title The Handbook for managing Resourcec and Information
250 ## - EDITION STATEMENT
Edition statement 1st
260 ## - PUBLICATION, DISTRIBUTION, ETC. (IMPRINT)
Date of publication, distribution, etc 2001
Name of publisher, distributor, etc "Infinity,U K"
500 ## - GENERAL NOTE
General note YES
650 ## - SUBJECT ADDED ENTRY--TOPICAL TERM
Topical term or geographic name as entry element Management
942 ## - ADDED ENTRY ELEMENTS (KOHA)
Item type Books
Holdings
Withdrawn status Lost status Damaged status Permanent location Current location Date acquired Cost, normal purchase price Full call number Barcode Date last seen Koha item type
      CENTRAL LIBRARY, NOORUL ISLAM CENTRE FOR HIGHER EDUCATION CENTRAL LIBRARY, NOORUL ISLAM CENTRE FOR HIGHER EDUCATION 05/09/2003 250.00 658.15 P1 15152 08/23/2024 Books
Visitors:
Copyright © 2024 Central Library NICHE.  All rights reserved.